[Event "Agneaux St Lo U16 op 21th"]
[Site "Agneaux"]
[Date "2019.07.06"]
[Round "3.5"]
[White "Ablin De Claverie, Nathan"]
[Black "Martinet, Nathan"]
[Result "0-1"]
[WhiteElo "1293"]
[BlackElo "1689"]
[PlyCount "100"]
[EventDate "2019.07.06"]
[EventType "swiss"]
[EventRounds "9"]
[EventCountry "FRA"]
[SourceTitle "EXT 2020"]
[Source "ChessBase"]
[SourceDate "2019.10.17"]
[SourceVersion "1"]
[SourceVersionDate "2019.10.17"]
[SourceQuality "1"]

1. d4 Nf6 2. Nc3 d5 3. Bf4 c6 4. e3 g6 5. Bd3 Bg7 6. Nf3 0-0 7. Qd2 Re8 8. e4 dxe4 9. Bxe4 Nxe4 10. Nxe4 Bf5 11. Ng3 e6 12. 0-0 Nd7 13. Rfe1 Nb6 14. Nf1 Nd5 15. Bg3 b6 16. c3 Nf6 17. Be5 Rc8 18. Rac1 Bg4 19. Ng5 h6 20. Ne4 Nxe4 21. Rxe4 Bf5 22. Ree1 Bxe5 23. Rxe5 Kg7 24. Ng3 c5 25. Nxf5+ gxf5 26. Rd1 Qf6 27. Qf4 cxd4 28. Rxd4 Red8 29. Rxd8 Rxd8 30. Re1 Qg5 31. Qxg5+ hxg5 32. Kf1 g4 33. Ke2 Rh8 34. Rh1 Kf6 35. Ke3 e5 36. h3 gxh3 37. Rxh3 Rg8 38. Rh2 Rg6 39. Ke2 Ke6 40. c4 Kd6 41. Rh7 Rf6 42. Rh8 Kc5 43. b3 Kb4 44. Ra8 a5 45. Ra6 Re6 46. Ra7 Ka3 47. Kd2 Kxa2 48. Kc2 Ka3 49. Kc3 f6 50. c5 Rc6 0-1